Наследствени заболявания у децата (Запис номер 57193)
[ съкратено ]
| 000 -Лидер | |
|---|---|
| Контролно поле с фиксирана дължина | 01323nam a2200313 c 4500 |
| 003 - Код на организацията, давaща контролен номер | |
| Контролно поле | BLK |
| 005 - Дата и час на последна редакция | |
| Контролно поле | 20230202163617.0 |
| 008 - Елементи от данни с фиксирана дължина | |
| fixed length control field | 180408b bul|||||r ||||||| ||bul|| |
| 010 ## - Наследен системен номер | |
| LC control number | KNG00061187000 |
| 040 ## - Източник на каталожния запис | |
| Идентификатор на билиотеката - собственик на записа | BLK |
| 041 ## - Код за език | |
| Код за езика на текст/звукозапис или на отделно заглавие | Български |
| Код за езика КДБФ | Български |
| 080 ## - УДК | |
| Текстов определител УДК | Патология. Клинична медицина |
| УДК код - определител по УДК | 616 |
| УДК определител | -056.7-053.2 |
| УДК - код + определител | 616-056.7-053.2 |
| 100 1# - Редна дума - Автор | |
| Автор | Абаджиев, Митко Димитров |
| Авторска отговорност | първи автор |
| R(LIN) | 287411 |
| 139 ## - Редно поле | |
| Редна дума | Наследствени заболявания у децата |
| Авторски знак | Нас - Н 27 |
| 245 10 - Сведения за заглавието | |
| Заглавие | Наследствени заболявания у децата |
| Подзаглавни данни | Моногр. |
| Редно поле (дума) | Митко Димитров Абаджиев; ред. Братан Цочев Братанов; ред. Мария Цонева. |
| 257 ## - Страна на издаване | |
| Страна на създаване/издаване | България |
| 260 ## - Област на издателските данни | |
| -- | София |
| Име на издателя, разпространителя и проч. | Медицина и физкултура |
| Година на издаване | 1976 |
| 300 ## - Физическа характеристика | |
| Страници | 355 с. |
| Илюстрации и др. | с ил. |
| Размери/Мащаб | 22 см |
| 380 ## - Жанр | |
| Жанр | Медицина |
| 500 ## - Общи забележки | |
| Забележка | Библиогр. след разделите |
| 650 #4 - Допълнително описание по предмет – тема | |
| Основно описание – тема или топоним | Генетика, медицинска |
| 9 (RLIN) | 249288 |
| 700 1# - Други автори (авторска отговорност) | |
| Лично име | Братанов, Братан Цочев |
| 9 (RLIN) | 369453 |
| 700 1# - Други автори (авторска отговорност) | |
| Лично име | Цонева, Мария |
| Автороска отговорност (Описва отношението между автора и произведението) | ред. |
| 9 (RLIN) | 368746 |
| 852 ## - Местоположение | |
| Форматна сигнатура | Цб 81124 |
| 856 4# - Електронен адрес и достъп | |
| Електронен формат | pdf - файл |
| Път до файла /url/ | |
| 856 4# - Електронен адрес и достъп | |
| Електронен формат | pdf - файл |
| Път до файла /url/ | |
| 942 ## - АРТИКУЛИ | |
| Вид на библиотечния материал | Книги |
| Скрит в OPAC | Не |
| Koha issues (borrowed), all copies | 3 |
| 944 ## - СЪЗДАВАНЕ И РЕДАКЦИЯ на ЗАПИСА | |
| Създаване/Редакция | Създаване |
| Дата на регистрацията/редакция | 13.06.2004 |
| Служител, извършил регистрацията/редакцията | Геновева_Генчева |
| 944 ## - СЪЗДАВАНЕ И РЕДАКЦИЯ на ЗАПИСА | |
| Създаване/Редакция | Редакция |
| Дата на регистрацията/редакция | 31.08.2015 |
| Служител, извършил регистрацията/редакцията | Геновева_Генчева |
| 999 ## - СИСТЕМНИ КОНТРОЛНИ НОМЕРА | |
| Koha biblionumber | 57193 |
| Koha biblioitemnumber | 57193 |
| Код за отписване | Код за изгубен артикул | Източник на класификационната схема | Код за повреда | Коз за рестрикции | Код за отдаване | Артикулен № | Име на библиотеката - собственик | Име на библиотеката, в която се намира в момента | Статус (Текущо местоположение) | Дата на вписване в системата | Местоположение - отдел | Цена в лева | Инвентарен номер | Систематично азбучна сигнатура | Баркод | Номер на екземпляра | Цена в евро | Служебна бележка | Служебен тип на артикула | Бележка за публиката |
|---|---|---|---|---|---|---|---|---|---|---|---|---|---|---|---|---|---|---|---|---|
| Изтеглен | Не е изгубен | Universal Decimal Classification | Не е повреден | без рестрикции | ползва се в читалня | 92185 | Регионална библиотека "Любен Каравелов" Русе | Регионална библиотека "Любен Каравелов" Русе | Читалня | 1993-01-01 | Читалня | 2.33 | 209794 | Ч 616-053.2/Н 27 | 209794 | 1 | 1.19 | Дата инв: 20.03.2017 Бележки инв: Ч2017 | Книги | |
| Изтеглен | Не е изгубен | Не е повреден | без рестрикции | заемане за дома | 92186 | Регионална библиотека "Любен Каравелов" Русе | Регионална библиотека "Любен Каравелов" Русе | 1976-01-01 | Заемна - подръчен фонд | 2.33 | 209789 | П 616-053.2/Н 27 | 209789 | 2 | 1.19 | Дост: Pk Вид: Ф N: стар фонд Дата: 01.01.1976 | Книги | Отч.N: 31/2018 , Дата: 28.03.2018 | ||
| Не е изгубен | Universal Decimal Classification | Не е повреден | без рестрикции | заемане за дома | 92187 | Регионална библиотека "Любен Каравелов" Русе | Регионална библиотека "Любен Каравелов" Русе | Заемна - подръчен фонд | 1976-01-01 | Заемна - подръчен фонд | 2.33 | 209790 | П 616-053.2/Н 27 | 120000209790 | 3 | 1.19 | Дост: Pk Вид: Ф N: стар фонд Дата: 01.01.1976 Дата инв: 02.02.2018 Бележки инв: П2018 | Книги | ||
| Изтеглен | Не е изгубен | Не е повреден | без рестрикции | заемане за дома | 92188 | Регионална библиотека "Любен Каравелов" Русе | Регионална библиотека "Любен Каравелов" Русе | 1976-01-01 | Заемна - подръчен фонд | 2.33 | 209792 | П 616-053.2/Н 27 | 209792 | 4 | 1.19 | Дост: Pk Вид: Ф N: стар фонд Дата: 01.01.1976 | Книги | Отч.N: 31/2018 , Дата: 28.03.2018 | ||
| Изтеглен | Не е изгубен | Не е повреден | без рестрикции | заемане за дома | 92189 | Регионална библиотека "Любен Каравелов" Русе | Регионална библиотека "Любен Каравелов" Русе | 1976-01-01 | Заемна - подръчен фонд | 2.33 | 209793 | П 616-053.2/Н 27 | 209793 | 5 | 1.19 | Дост: Pk Вид: Ф N: стар фонд Дата: 01.01.1976 | Книги | Отч.N: 31/2018 , Дата: 28.03.2018 | ||
| Не е изгубен | Universal Decimal Classification | Не е повреден | само за читалня | ползва се в читалня | 92190 | Регионална библиотека "Любен Каравелов" Русе | Регионална библиотека "Любен Каравелов" Русе | Хранилище | 1976-01-01 | Хранилище | 3.33 | 205747 | Цб 81124 | 120000205747 | 6 | 1.70 | Дост: Dp Вид: Д N: стар фонд Дата: 01.01.1976 | Книги |